[Event "10th LCC FIDE Open 2018"]
[Site "London"]
[Date "2018.12.16"]
[Round "9"]
[White "Menzies, Colin"]
[Black "Merriman, John"]
[Result "1-0"]
[WhiteElo "2132"]
[BlackElo "2261"]
[Annotator "NA"]
[PlyCount "125"]
[EventDate "2018.12.09"]
[EventType "swiss"]
[EventCountry "ENG"]
[SourceTitle "playchess.com"]
[Source "ChessBase"]
[SourceQuality "1"]
[TimeControl "40/5400+30:1800+30"]

1. Nf3 {[%emt 0:00:17]} d5 {[%emt 0:00:00]} 2. c4 {[%emt 0:00:05]} e6 {[%emt 0:00:00]} 3. e3 {[%emt 0:00:12]} Nf6 {[%emt 0:00:02]} 4. b3 {[%emt 0:00:06]} Be7 {[%emt 0:00:41]} 5. Bb2 {[%emt 0:00:19]} O-O {[%emt 0:00:08]} 6. Be2 {[%emt 0:00:46]} b6 {[%emt 0:01:09]} 7. O-O {[%emt 0:06:42]} Bb7 {[%emt 0:00:23]} 8. Qc2 {[%emt 0:03:49]} c5 {[%emt 0:04:06]} 9. cxd5 {[%emt 0:00:34]} Nxd5 {[%emt 0:02:12]} 10. a3 {[%emt 0:04:32]} Nd7 {[%emt 0:02:13]} 11. d3 {[%emt 0:01:22]} Bf6 {[%emt 0:03:07]} 12. Nc3 {[%emt 0:06:53]} Qe7 {[%emt 0:07:05]} 13. Rac1 {[%emt 0:09:20]} Rac8 {[%emt 0:03:47]} 14. Rfd1 {[%emt 0:01:40]} Rfd8 {[%emt 0:03:32]} 15. Nb5 {[%emt 0:06:39]} Ba6 {[%emt 0:12:00]} 16. Nc3 {[%emt 0:03:10]} Bb7 {[%emt 0:03:11]} 17. Nb5 {[%emt 0:01:36]} a6 {[%emt 0:00:32]} 18. Nc3 {[%emt 0:01:34]} b5 {[%emt 0:06:19]} 19. a4 {[%emt 0:07:52]} b4 {[%emt 0:12:04]} 20. Nxd5 {[%emt 0:00:26]} exd5 {[%emt 0:00:26]} 21. Nd2 {[%emt 0:05:07]} d4 {[%emt 0:07:43]} 22. e4 {[%emt 0:05:08]} g6 {[%emt 0:04:15]} 23. Bg4 {[%emt 0:06:46]} h5 {[%emt 0:03:19]} 24. Bxd7 {[%emt 0:00:09]} Qxd7 {[%emt 0:04:23]} 25. Rf1 {[%emt 0:03:55]} h4 {[%emt 0:02:42]} 26. Rce1 {[%emt 0:03:37]} Bg7 {[%emt 0:01:24]} 27. Nc4 {[%emt 0:01:55]} Rc7 {[%emt 0:05:31]} 28. Bc1 {[%emt 0:02:11]} Qe7 {[%emt 0:01:42]} 29. Bf4 {[%emt 0:01:45]} Rcc8 {[%emt 0:00:17]} 30. Qc1 {[%emt 0:03:37]} h3 {[%emt 0:01:06]} 31. g3 {[%emt 0:00:48]} Qe6 {[%emt 0:01:01]} 32. Bg5 {[%emt 0:03:25]} f6 {[%emt 0:01:18]} 33. Bh6 {[%emt 0:01:40]} Bh8 {[%emt 0:00:21]} 34. f4 {[%emt 0:04:19]} f5 {[%emt 0:01:04]} 35. Na5 {[%emt 0:01:00]} Ba8 {[%emt 0:05:56]} 36. Qc4 {[%emt 0:01:59]} Qxc4 {[%emt 0:00:22]} 37. Nxc4 {[%emt 0:00:12]} fxe4 {[%emt 0:01:02]} 38. dxe4 {[%emt 0:00:07]} d3 {[%emt 0:00:22]} 39. e5 {[%emt 0:02:20]} Rd4 {[%emt 0:01:37]} 40. Nb6 {[%emt 0:01:22]} Rb8 {[%emt 0:00:57]} 41. Nxa8 {[%emt 0:02:08]} Rxa8 {[%emt 0:01:21]} 42. Kf2 {[%emt 0:04:17]} d2 {[%emt 0:06:05]} 43. Rb1 {[%emt 0:00:20]} Rad8 {[%emt 0:02:06]} 44. Rfd1 {[%emt 0:00:33]} Kf7 {[%emt 0:14:24]} 45. Rb2 {[%emt 0:03:44]} a5 {[%emt 0:03:47]} 46. Ke3 {[%emt 0:01:39]} Rd3+ {[%emt 0:00:38]} 47. Ke2 {[%emt 0:00:09]} R8d4 {[%emt 0:01:45]} 48. Bg5 {[%emt 0:03:55]} Bg7 {[%emt 0:00:57]} 49. Rdxd2 {[%emt 0:01:32]} Rc3 {[%emt 0:00:14]} 50. Rxd4 {[%emt 0:03:45]} cxd4 {[%emt 0:00:01]} 51. Bd8 {[%emt 0:00:12]} Bf8 {[%emt 0:01:23]} 52. Bb6 {[%emt 0:00:08]} Re3+ {[%emt 0:01:56]} 53. Kd2 {[%emt 0:00:37]} Re4 {[%emt 0:01:11]} 54. Kd3 {[%emt 0:00:50]} Re1 {[%emt 0:00:05]} 55. Bxd4 {[%emt 0:01:19]} Ke6 {[%emt 0:00:07]} 56. Be3 {[%emt 0:04:02]} Kd5 {[%emt 0:00:22]} 57. Ba7 {[%emt 0:01:48]} Rd1+ {[%emt 0:00:37]} 58. Rd2 {[%emt 0:00:27]} Rc1 {[%emt 0:00:43]} 59. Ke2+ {[%emt 0:01:06]} Ke4 {[%emt 0:00:21]} 60. Rd4+ {[%emt 0:00:49]} Kf5 {[%emt 0:00:03]} 61. Rc4 {[%emt 0:02:38]} Rh1 {[%emt 0:00:38]} 62. Kf3 {[%emt 0:00:17]} Rxh2 {[%emt 0:00:51]} 63. Rc6 {[%emt 0:00:22]} 1-0

[Event "10th LCC FIDE Open 2018"]
[Site "London"]
[Date "2018.12.16"]
[Round "9"]
[White "Bates, Caspar J"]
[Black "Ghukasyan, Siranush"]
[Result "1-0"]
[WhiteElo "2113"]
[BlackElo "2245"]
[Annotator "NA"]
[PlyCount "57"]
[EventDate "2018.12.09"]
[EventType "swiss"]
[EventCountry "ENG"]
[SourceTitle "playchess.com"]
[Source "ChessBase"]
[SourceQuality "1"]

1. Nf3 d5 2. b3 Nf6 3. e3 e6 4. Bb2 Be7 5. c4 c5 6. cxd5 exd5 7. Bb5+ Bd7 8. Bxd7+ Nbxd7 9. O-O O-O 10. Qe2 b6 11. d4 Re8 12. Rd1 Qc7 13. dxc5 bxc5 14. Nc3 Qb7 15. Qb5 Qxb5 16. Nxb5 Rec8 17. Ne5 Nb6 18. a4 a6 19. a5 axb5 20. axb6 Rab8 21. Ra7 Kf8 22. g4 h6 23. h4 g5 24. hxg5 hxg5 25. f4 d4 26. exd4 cxd4 27. Bxd4 Rd8 28. Rxe7 Kxe7 29. Nc6+ 1-0

[Event "10th LCC FIDE Open 2018"]
[Site "London"]
[Date "2018.12.16"]
[Round "9"]
[White "Johnson, Daniel"]
[Black "Rocco, Federico"]
[Result "1-0"]
[WhiteElo "2111"]
[BlackElo "2244"]
[Annotator "NA"]
[PlyCount "57"]
[EventDate "2018.12.09"]
[EventType "swiss"]
[EventCountry "ENG"]
[SourceTitle "playchess.com"]
[Source "ChessBase"]
[SourceQuality "1"]

1. d4 d5 2. c4 c6 3. Nc3 Nf6 4. e3 e6 5. Nf3 Nbd7 6. Bd3 dxc4 7. Bxc4 b5 8. Be2 a6 9. e4 b4 10. e5 bxc3 11. exf6 Bb4 12. O-O Nxf6 13. bxc3 Bxc3 14. Rb1 O-O 15. Ba3 Re8 16. Qc2 Nd5 17. Bc4 Ba5 18. Bd3 g6 19. Ne5 Bd7 20. Rb7 Bc7 21. Bd6 Qc8 22. Rxc7 Nxc7 23. Nxg6 hxg6 24. Bxg6 e5 25. Bxf7+ Kxf7 26. Qh7+ Ke6 27. dxe5 Rg8 28. Qh6+ Kf7 29. Qf6+ 1-0

[Event "10th LCC FIDE Open 2018"]
[Site "London"]
[Date "2018.12.16"]
[Round "9"]
[White "Semprun Martinez, Fernando"]
[Black "Haribalu, V.."]
[Result "0-1"]
[WhiteElo "2091"]
[BlackElo "2208"]
[Annotator "NA"]
[PlyCount "98"]
[EventDate "2018.12.09"]
[EventType "swiss"]
[EventCountry "ENG"]
[SourceTitle "playchess.com"]
[Source "ChessBase"]
[SourceQuality "1"]

1. e4 c5 2. Nf3 e6 3. d4 cxd4 4. Nxd4 a6 5. Nc3 Qc7 6. Bd3 Nf6 7. O-O Nc6 8. Nxc6 dxc6 9. f4 e5 10. f5 Bc5+ 11. Kh1 h5 12. Qf3 Ng4 13. h3 Bd7 14. g3 O-O-O 15. Kg2 Nf6 16. Be3 Bxe3 17. Qxe3 c5 18. b3 Bc6 19. Qxc5 Rd4 20. Rae1 Rhd8 21. Rf3 Kb8 22. Qa3 R8d6 23. Qc1 Qa5 24. Qb2 b5 25. Ree3 b4 26. Ne2 Rxe4 27. Bxe4 Nxe4 28. Rd3 Rxd3 29. Rxd3 Nc5+ 30. Rf3 Qc7 31. c4 Bxf3+ 32. Kxf3 Qc6+ 33. Ke3 Qe4+ 34. Kd2 Qd3+ 35. Ke1 Qxf5 36. Qd2 Qb1+ 37. Qd1 Nd3+ 38. Kd2 Qxd1+ 39. Kxd1 Nf2+ 40. Kd2 Nxh3 41. Kd3 f5 42. c5 Kc7 43. Kc4 f4 44. gxf4 Nxf4 45. Ng3 g5 46. Kxb4 h4 47. Nf5 h3 48. Ng3 h2 49. Kc4 g4 0-1

[Event "10th LCC FIDE Open 2018"]
[Site "London"]
[Date "2018.12.16"]
[Round "9"]
[White "Davison, Chris"]
[Black "Knudsen, Simon"]
[Result "0-1"]
[WhiteElo "2068"]
[BlackElo "2206"]
[Annotator "NA"]
[PlyCount "60"]
[EventDate "2018.12.09"]
[EventType "swiss"]
[EventCountry "ENG"]
[SourceTitle "playchess.com"]
[Source "ChessBase"]
[SourceQuality "1"]

1. Nf3 d5 2. c4 c6 3. b3 Nf6 4. Bb2 Bg4 5. cxd5 cxd5 6. e3 Nc6 7. Be2 e6 8. O-O Bd6 9. d4 O-O 10. Nbd2 Rc8 11. Ne5 Bxe2 12. Qxe2 Qe7 13. f4 Rc7 14. Rac1 Rfc8 15. Nxc6 Rxc6 16. Rxc6 Rxc6 17. Rc1 Rxc1+ 18. Bxc1 Qc7 19. Qd1 g6 20. h3 Qc3 21. Nb1 Qa5 22. Qd2 Bb4 23. Qc2 Ne4 24. a4 Be1 25. g4 Bf2+ 26. Kg2 Qe1 27. Kf3 Qf1 28. g5 Be1+ 29. Kg4 h5+ 30. gxh6 f5# 0-1

[Event "10th LCC FIDE Open 2018"]
[Site "London"]
[Date "2018.12.16"]
[Round "9"]
[White "Prior, Stephen C V"]
[Black "Dougan Maho, Harold"]
[Result "1-0"]
[WhiteElo "2065"]
[BlackElo "2204"]
[Annotator "NA"]
[PlyCount "115"]
[EventDate "2018.12.09"]
[EventType "swiss"]
[EventCountry "ENG"]
[SourceTitle "playchess.com"]
[Source "ChessBase"]
[SourceQuality "1"]

1. d4 Nf6 2. c4 e5 3. dxe5 Ng4 4. Nf3 Nc6 5. e3 Bb4+ 6. Bd2 Bxd2+ 7. Qxd2 Ngxe5 8. Nxe5 Nxe5 9. Be2 O-O 10. O-O d6 11. Nc3 f5 12. f4 Nc6 13. Bf3 Be6 14. Nd5 Kh8 15. Rac1 Rc8 16. Rfd1 Bxd5 17. cxd5 Nb8 18. Rc3 Qe7 19. Qc2 c5 20. e4 fxe4 21. Bxe4 Rxf4 22. Bxh7 Rh4 23. Bf5 Rf8 24. Be6 Nd7 25. Rdd3 Rf6 26. Rh3 Rfh6 27. Qf5 g6 28. Qf2 Rxh3 29. Bxh3 Ne5 30. b4 b6 31. bxc5 bxc5 32. Rb3 Kg7 33. Bc8 Qd8 34. Rb7+ Kh8 35. Rxa7 Rh4 36. Bb7 Kg7 37. Bc8+ Kh8 38. Be6 Rb4 39. h3 Rb1+ 40. Kh2 Rb4 41. a4 Rh4 42. a5 Rh7 43. Rxh7+ Kxh7 44. a6 Kg7 45. Qb2 Qg5 46. Qa1 Qf4+ 47. Kh1 Kh7 48. Qd1 c4 49. a7 Qf8 50. Qa1 Qa8 51. Bc8 c3 52. Bb7 Qxb7 53. a8=Q Qb3 54. Q8a7+ Kh6 55. Qe3+ g5 56. Qac1 Nf7 57. Qcxc3 Qd1+ 58. Qce1 1-0

[Event "10th LCC FIDE Open 2018"]
[Site "London"]
[Date "2018.12.16"]
[Round "9"]
[White "Marentini, Marcel"]
[Black "Stephan, Axel"]
[Result "0-1"]
[WhiteElo "2030"]
[BlackElo "2204"]
[Annotator "NA"]
[PlyCount "80"]
[EventDate "2018.12.09"]
[EventType "swiss"]
[EventCountry "ENG"]
[SourceTitle "playchess.com"]
[Source "ChessBase"]
[SourceQuality "1"]

1. Nf3 Nf6 2. c4 g6 3. Nc3 Bg7 4. e4 O-O 5. d4 c6 6. d5 d6 7. h3 a6 8. a4 a5 9. Bd3 Na6 10. O-O Nb4 11. Bb1 cxd5 12. cxd5 e6 13. dxe6 Bxe6 14. Nd4 Bc4 15. Re1 d5 16. e5 Ne4 17. Nxe4 dxe4 18. Rxe4 Re8 19. Bf4 f6 20. Qe1 Bd3 21. Bxd3 Nxd3 22. Qe3 Nxf4 23. Rxf4 fxe5 24. Qb3+ Kh8 25. Rf7 exd4 26. Qxb7 Rb8 27. Qa7 Ra8 28. Qb7 Rb8 29. Qa7 Rg8 30. Re1 Ra8 31. Qb7 Rb8 32. Qa7 Rxb2 33. Ree7 Rb1+ 34. Kh2 Qb8+ 35. f4 Qxa7 36. Rxa7 d3 37. Rad7 Rb4 38. g4 Rxf4 39. Rfe7 Rxa4 40. Kg2 Ra2+ 0-1

[Event "10th LCC FIDE Open 2018"]
[Site "London"]
[Date "2018.12.16"]
[Round "9"]
[White "Penna, Tommaso"]
[Black "Keetman, Maaike"]
[Result "1/2-1/2"]
[WhiteElo "1963"]
[BlackElo "2173"]
[Annotator "NA"]
[PlyCount "62"]
[EventDate "2018.12.09"]
[EventType "swiss"]
[EventCountry "ENG"]
[SourceTitle "playchess.com"]
[Source "ChessBase"]
[SourceQuality "1"]

1. e4 e6 2. d4 d5 3. Nc3 Bb4 4. exd5 exd5 5. Bd3 Nc6 6. a3 Be7 7. Be3 Nf6 8. h3 b6 9. Qf3 Bb7 10. Nge2 Na5 11. Ng3 g6 12. Bh6 Qd6 13. O-O a6 14. Rfe1 O-O-O 15. Rxe7 Qxe7 16. Bg7 Nd7 17. Bxh8 Rxh8 18. b4 Nc6 19. Nxd5 Qd6 20. Be4 Nxd4 21. Qc3 c5 22. Rd1 Kb8 23. bxc5 bxc5 24. Qb2 Ka7 25. Ne3 Rb8 26. Bxb7 Rxb7 27. Qa2 Qe6 28. Qxe6 Nxe6 29. Ne4 Nb6 30. Rd3 Rd7 31. Rxd7+ Nxd7 1/2-1/2

[Event "10th LCC FIDE Open 2018"]
[Site "London"]
[Date "2018.12.16"]
[Round "9"]
[White "De Coverly, Roger D"]
[Black "Laustsen, Lars"]
[Result "0-1"]
[WhiteElo "1951"]
[BlackElo "2186"]
[Annotator "NA"]
[PlyCount "134"]
[EventDate "2018.12.09"]
[EventType "swiss"]
[EventCountry "ENG"]
[SourceTitle "playchess.com"]
[Source "ChessBase"]
[SourceQuality "1"]

1. e4 c5 2. Nf3 d6 3. d4 cxd4 4. Nxd4 Nf6 5. Nc3 a6 6. Bg5 e6 7. f4 Nbd7 8. Qe2 Qc7 9. O-O-O b5 10. a3 Bb7 11. g4 Be7 12. Bg2 Rc8 13. Bxf6 Nxf6 14. g5 Nd7 15. h4 Qc4 16. Qxc4 Rxc4 17. f5 e5 18. Nb3 Ba8 19. Nd5 Bxd5 20. Rxd5 h6 21. Nd2 Rc7 22. Nf3 hxg5 23. hxg5 Rxh1+ 24. Bxh1 Rc4 25. Nd2 Bxg5 26. Rxd6 Nc5 27. Kd1 Bxd2 28. Kxd2 Ke7 29. Rb6 Rd4+ 30. Ke3 Na4 31. Rb7+ Rd7 32. Rxd7+ Kxd7 33. b3 Nc5 34. Bf3 a5 35. Bh5 Ke7 36. b4 axb4 37. axb4 Nb7 38. Be2 Nd6 39. c3 Kf6 40. Bd3 Kg5 41. Kf3 Kh4 42. Bc2 g5 43. fxg6 fxg6 44. Bb3 Kh3 45. Be6+ Kh2 46. Bd5 Kg1 47. Kg3 Kf1 48. Kf3 Ke1 49. Ke3 Kd1 50. Kd3 g5 51. Be6 Kc1 52. Bd7 Kb2 53. Be6 Ka3 54. Bd7 Kb3 55. Be6+ Ka4 56. Bd7 Nc4 57. Be6 Nd6 58. Bd7 Nf7 59. c4 Kxb4 60. cxb5 Kc5 61. Ke3 Nd6 62. Kf3 Nxb5 63. Bxb5 Kxb5 64. Kg4 Kc4 65. Kxg5 Kd3 66. Kg4 Kxe4 67. Kg3 Ke3 0-1

[Event "10th LCC FIDE Open 2018"]
[Site "London"]
[Date "2018.12.16"]
[Round "9"]
[White "Jaufarally, Nadia"]
[Black "McClement, Andrew"]
[Result "0-1"]
[WhiteElo "1833"]
[BlackElo "2182"]
[Annotator "NA"]
[PlyCount "78"]
[EventDate "2018.12.09"]
[EventType "swiss"]
[EventCountry "ENG"]
[SourceTitle "playchess.com"]
[Source "ChessBase"]
[SourceQuality "1"]

1. e4 c5 2. Nf3 d6 3. d4 cxd4 4. Nxd4 Nf6 5. Nc3 e6 6. g4 h6 7. Rg1 Nc6 8. Be3 a6 9. h4 d5 10. exd5 Nxd5 11. Nxd5 Qxd5 12. Bg2 Qa5+ 13. Qd2 Qxd2+ 14. Kxd2 Ne5 15. Bf1 Bc5 16. Be2 O-O 17. Rad1 Rd8 18. Kc1 Bd7 19. Kb1 Rac8 20. g5 hxg5 21. Bxg5 Re8 22. Bf6 Ng6 23. h5 gxf6 24. hxg6 fxg6 25. Rxg6+ Kf7 26. Bh5 Rh8 27. Rh6+ Ke7 28. Rxh8 Rxh8 29. Bf3 Bc8 30. Rd2 Rd8 31. c3 e5 32. Nb3 Rxd2 33. Nxd2 Bxf2 34. Kc2 f5 35. Bd5 e4 36. Nb3 Kd6 37. Bf7 Ke5 38. Bh5 f4 39. Nc1 Be3 0-1